Statistics for Fingers Crossed - Lauren Spencer-smith - All lyrics

Click here to take the quiz!

General Stats

  • This quiz has been taken 88 times
  • The average score is 262 of 310

Answer Stats

HintAnswer% Correct
I
100%
You
98%
Crossed
96%
Fingers
96%
Me
96%
When
96%
Your
96%
To
95%
All
91%
Love
91%
On
91%
Said
91%
The
91%
We
91%
But
89%
Family
89%
My
89%
So,
89%
Had
88%
In
88%
Loved
88%
ChorusNow,
88%
Now
88%
Did
86%
Made
86%
That
86%
Was
86%
Watched
86%
At
84%
Breakfast
84%
Call
84%
Don’t
84%
Verse 1Introduced
84%
Mornin’
84%
Prove
84%
Remember
84%
Songs
84%
Wrong
84%
How
82%
Late
82%
Night
82%
Shows
82%
TV
82%
Advice
81%
And
81%
Cried
81%
Daddy
81%
Hate
81%
Have
81%
Hours
81%
Issues
81%
Tears
81%
Always
79%
Write
79%
Fix
77%
Got
77%
Travel
77%
World
77%
Back
75%
Each
75%
Even
75%
First
75%
From
75%
Home
75%
Put
75%
‘Round
75%
Used
75%
You’d
75%
Gave
74%
Just
74%
Other
74%
Plans
74%
Play
74%
Want
74%
Well,
74%
Work
74%
Funny,
72%
Givin’
72%
Verse 2Makin’
72%
Miss
72%
Say
72%
Anymore
70%
Must’ve
70%
We’d
70%
I’m
68%
Spent
68%
Wish
68%
Friends
67%
Could
63%
It’s
63%
Sorry,
63%
Not
61%
Oh,
61%
One
61%
Tellin’
61%
Would
61%
Didn’t
60%
Favourite
60%
Listened
60%
Thing
60%
Bad
58%
Lost
58%
Attention
56%
End
56%
Gonna
56%
Their
56%
Deserve
54%
Opinions
53%
Paid
53%
Old
51%
Tryna
51%
Giving
37%
Verse 3Shoulda
35%

Score Distribution

Percentile by Number Answered

Percent of People with Each Score

Your Score History

You have not taken this quiz